000 01354nam0a2200313 4500
001 RU\NLR\bibl\1296472
005 20260406084225.0
010 _a5-91091-006-8
_9300
035 _a(NLR Aleph) 001282091
090 _a505486
_c505486
100 _a20081120d2007 |||y0rusy50 ca
101 0 _arus
102 _aRU
105 _ay |||||||||
200 1 _aТворчество Еремея Айпина
_eмонография
_fЕ.С. Роговер
210 _aСанкт-Петербург
_cОлимп-СПб
_d2007
215 _a211 с.
_d20
320 _aБиблиогр. в примеч. в конце глав
320 _aПроизведения писателя: с. 198-200 (36 назв.) и лит. о жизни и творчестве Е. Айпина: с. 201-210 (102 назв.)
600 1 _aАйпин
_bЕ.Д.
_f1948
_gЕремей Данилович
_92241992
_3RU\NLR\auth\661345273
686 _aШ5(2=Хан)7-4Айпин
700 1 _4070
_8rus
_7ca
_aРоговер
_bЕ. С.
_f1932-
_gЕфим Соломонович
_3RU\NLR\auth\7752413
_935346
702 1 _4570
_8rus
_7ca
_aАйпин
_bЕ. Д.
_f1948-
_gЕремей Данилович
_3RU\NLR\auth\777188
_9117127
801 0 _aRU
_bNLR
_c20081120
_gRCR
801 1 _aRU
_bNLR
_c20081120
830 _aавт., перс. по кн.
942 _cBOOK
980 _aNB